000 00423nam a2200181Ia 4500
001 634
005 20260306140532.0
008 260306t2017||||xx |||||||||||||| ||spa||
041 _aESP
082 _a128
_bS92
100 _aStein, Edith
_eAUT
245 0 _aLa estructura de la persona humana
260 _c2017
300 _axviii, 201 páginas :
_c20 cm.
650 _aGEN
654 _aCHU
942 _cLIB
_dJUS
_fJUS
_2ddc
_n
999 _c634
_d634